Out of war: (Record no. 157923)

MARC details
000 -LEADER
fixed length control field 00626nam a22001937a 4500
005 - DATE AND TIME OF LATEST TRANSACTION
control field 20181010150709.0
010 ## - LCCN (DPL NO)
LC control number ENG-124227
020 ## - INTERNATIONAL STANDARD BOOK NUMBER
International Standard Book Number 9789386050922
Terms of availability 350.00
035 ## - SYSTEM CONTROL NUMBER
System control number EN-107759
037 ## - SOURCE OF ACQUISITION
Source of stock number/acquisition DBAD/PUB
082 ## - DEWEY DECIMAL CLASSIFICATION NUMBER
Classification number 335.4092254
100 ## - MAIN ENTRY--PERSONAL NAME
Personal name Sengupta, Swati
245 ## - TITLE STATEMENT
Title Out of war:
Statement of responsibility, etc by Swati Sengupta
Remainder of title voices of surrendered maoists /
260 ## - PUBLICATION, DISTRIBUTION, ETC. (IMPRINT)
Place of publication, distribution, etc New Delhi
Name of publisher, distributor, etc Speaking Tiger
Date of publication, distribution, etc 2016
270 ## - ADDRESS
Address 4381/4, Ansari Road, Daryaganj,
City New Delhi
Postal code 110002
300 ## - PHYSICAL DESCRIPTION
Extent xii,269p.
Dimensions 21cm(Hb)
500 ## - GENERAL NOTE
General note It includes bibliographical notes and acknowledgement
942 ## - ADDED ENTRY ELEMENTS (KOHA)
Source of classification or shelving scheme Dewey Decimal Classification
Item type English Books
Classification part 335.4092254
Call number suffix SEN
Holdings
Withdrawn status Lost status Not for loan Collection code Home library Current library Date acquired Source of acquisition Cost, normal purchase price Full call number Barcode Copy number Cost, replacement price Koha item type
    Not For Loan Non-fiction D.B.Act.Division Patel Nagar 10/10/2018 DBAD/PUB 350.00 335.4092254 SEN EN-107759 1 350.00 English Books

© Delhi Public Library
Hit Counter
free hit counter